| 000 | 01382nam a2200265 i 4500 | ||
|---|---|---|---|
| 001 | bg | ||
| 100 | 1 | _aKRAWIEC, Stanisław | |
| 245 | 1 | 0 |
_aWpływ synergizmu wybranych napełniaczy w smarze na zwiększenie trwałości ślizgowych węzłów maszyn / _cStanisław Krawiec. |
| 246 | 1 | 1 | _aEffect of synergic fillers in grease on lifetime of sliding machine joints |
| 260 |
_aWrocław : _bOficyna Wydawnicza PW, _c1998. |
||
| 300 |
_a137, [1] s. : _bfot., rys., wykr. ; _c24 cm. |
||
| 490 | 1 |
_aPrace Naukowe Instytutu Konstrukcji i Eksploatacji Maszyn Politechniki Wrocławskiej. Monografie = _aScientific Papers of the Institute of Machine Design and Operation of the Wrocław University of Technology. Monographs, _x0324-962X ; _v27 |
|
| 500 | _aTyt. równol. : Effect of synergic fillers in grease on lifetime of sliding machine joints. - Numeracja serii gł. : 81. | ||
| 500 | _aStreszcz. ang. | ||
| 504 | _aBibliogr. s. 127-136. | ||
| 650 | 9 |
_aMaszyny _xbudowa i konstrukcje _xeksploatacja _xbadanie |
|
| 650 | 9 |
_aSmary _xmateriały _xbadanie |
|
| 650 | 9 |
_aWytrzymałość materiałów _xzagadnienia |
|
| 830 | 0 |
_aPrace Naukowe Instytutu Konstrukcji i Eksploatacji Maszyn Politechniki Wrocławskiej. _pMonografie ; _v27 |
|
| 040 | _cBPK | ||
| 041 | 0 |
_apl _ben |
|
| 080 | _a621.822:621.88/.89:678:539.2:536.7:539.4 | ||
| 942 | _cKS | ||
| 008 | s pl f |000 0 pol | ||
| 999 |
_c34495 _d34495 |
||
| 856 |
_uhttp://koha.tu.koszalin.pl/cgi-bin/koha/opac-detail.pl?biblionumber=34495 _yKatalog online BPK |
||